Harold y el lápiz color morado /

Harold provides himself with many adventures with his purple crayon.

Bibliographic Details
Main Author: Johnson, Crockett, 1906-1975
Other Authors: Mlawer, Teresa
Format: Book
Language:Spanish
Published: [New York] : Harper Arco Iris, 1995.
Edition:1st Spanish ed.
Subjects:

MARC

Tag First Indicator Second Indicator Subfields
LEADER 00000cam a2200000 a 4500
001 in00001754399
005 20151025070951.0
008 941110s1995 nyua a 000 1 spa
010 |a  94078535  
019 |a 37451198 
020 |a 0064434028 (pbk.) 
020 |a 0060253320 
035 |a (OCoLC)ocm32289652 
040 |a DLC  |c DLC  |d LPU  |d IEP  |d IXA  |d CGP  |d OCL  |d TXA  |d UtOrBLW 
041 1 |a spa  |h eng 
042 |a lcac 
049 |a TXAM 
050 1 0 |a PZ73  |b .J63 1995 
082 0 0 |a [E]  |2 21 
100 1 |a Johnson, Crockett,  |d 1906-1975. 
240 1 0 |a Harold and the purple crayon.  |l Spanish 
245 1 0 |a Harold y el lápiz color morado /  |c por Crockett Johnson ; traducido por Teresa Mlawer. 
250 |a 1st Spanish ed. 
264 1 |a [New York] :  |b Harper Arco Iris,  |c 1995. 
300 |a 1 volume (unpaged) :  |b illustrations ;  |c 15 cm. 
336 |a text  |b txt  |2 rdacontent 
337 |a unmediated  |b n  |2 rdamedia 
338 |a volume  |b nc  |2 rdacarrier 
520 |a Harold provides himself with many adventures with his purple crayon. 
650 1 |a Fantasy. 
650 0 |a Crayons  |v Juvenile fiction. 
650 0 |a Drawing  |v Juvenile fiction. 
650 0 |a Adventure stories. 
650 7 |a Fantasía.  |2 bidex 
700 1 |a Mlawer, Teresa. 
948 |a cataloged  |b h  |c 2003/6/5  |d c  |e jgreene  |f 12:28:39 pm 
994 |a E0  |b TXA 
999 |a MARS 
999 f f |s 13ac57c1-1a13-34fe-9b0a-0cade447975c  |i 7bdd7ab2-6b14-3d22-bd89-e1b3ff065447  |t 0 
952 f f |p normal  |a Texas A&M University  |b College Station  |c Sterling C. Evans Library  |d Evans: Curriculum Collection (4th floor)  |t 0  |e PZ73 .J63 1995  |h Library of Congress classification  |i unmediated -- volume  |m A14830267833 
998 f f |a PZ73 .J63 1995  |t 0  |l Evans: Curriculum Collection (4th floor)